[Event "Santiago IRT 2 Escalerilla"]
[Site "Santiago de Chile"]
[Date "2018.07.05"]
[Round "1.5"]
[White "Tobar Galvez, Edson"]
[Black "Castillo, Alvaro"]
[Result "1-0"]
[WhiteElo "1874"]
[BlackElo "1690"]
[PlyCount "133"]
[EventDate "2018.07.05"]
[EventType "swiss"]
[EventRounds "6"]
[EventCountry "CHI"]
[SourceTitle "EXT 2024"]
[Source "ChessBase"]
[SourceDate "2023.10.10"]
[SourceVersion "1"]
[SourceVersionDate "2023.10.10"]
[SourceQuality "1"]

1. e4 e5 2. Nf3 Nc6 3. Bc4 Bc5 4. 0-0 Nf6 5. c3 0-0 6. d4 Bb6 7. Bg5 d6 8. b4 Qe7 9. b5 Nb8 10. Nbd2 Bg4 11. a4 exd4 12. Qc2 dxc3 13. Qxc3 Nbd7 14. a5 Bc5 15. Rfe1 Ne5 16. h3 Bh5 17. g4 Bg6 18. Rac1 Rae8 19. Nh4 Bxf2+ 20. Kxf2 Nfxg4+ 21. Kg3 Qxg5 22. Ndf3 Qh5 23. hxg4 Qxg4+ 24. Kf2 Qf4 25. Nxg6 hxg6 26. Bd5 c6 27. bxc6 bxc6 28. Bc4 Ng4+ 29. Kg2 Rxe4 30. Rxe4 Qxe4 31. Re1 Qf4 32. Re7 d5 33. Be2 Nf6 34. Qxc6 Ne4 35. Qc7 Qg4+ 36. Kh2 Rc8 37. Qe5 Rc2 38. Re8+ Kh7 39. Nd4 Qh4+ 40. Kg2 Qf2+ 41. Kh3 Rc3+ 42. Bf3 Rxf3+ 43. Nxf3 Qxf3+ 44. Kh2 Qh5+ 45. Qxh5+ gxh5 46. Ra8 g5 47. Rxa7 Kg6 48. Rd7 Nf6 49. Rd6 Kf5 50. Rxf6+ Kxf6 51. a6 Ke5 52. a7 f5 53. a8Q h4 54. Qh8+ Ke4 55. Qf6 g4 56. Qe6+ Kf4 57. Qxd5 h3 58. Qd4+ Kf3 59. Qd3+ Kf4 60. Qg3+ Ke4 61. Kg1 Kd4 62. Qf4+ Kc3 63. Qxf5 g3 64. Qxh3 Kd4 65. Qxg3 Ke4 66. Kf2 Kf5 67. Ke3 1-0